=LDR 00000nam 2200000 4500 =001 INLIS000000000044655 =005 20131008110412 =008 ***********************************Ind** =035 ##$$0010-101300000002577 =041 ##$$a Ind =082 ##$$a 158.3 =090 ##$$a 158.3 , Mol c =100 ##$$a Molloy, Andrea =245 ##$$a Coach Your self to success , mimpi tercapai target terpenuhi , Andrea Molloy =260 ##$$a 2010 $b Jakarta =850 ##$$a NBPNMAT =990 ##$$a 0001/BPAP-NTB/2015